[Event "Montreal Saturday op 10"]
[Site "Montreal CAN"]
[Date "2009.10.14"]
[Round "2"]
[White "Levkovsky, Alexandre"]
[Black "Lalonde, Paul"]
[Result "1/2-1/2"]
[WhiteElo "2211"]
[BlackElo "2029"]
[PlyCount "126"]
[GameId "2160767910096560"]
[EventDate "2009.10.07"]
[EventType "tourn"]
[EventRounds "5"]
[EventCountry "CAN"]
[SourceTitle "EXT 2011"]
[Source "ChessBase"]
[SourceDate "2011.11.26"]
[SourceVersion "1"]
[SourceVersionDate "2011.11.26"]
[SourceQuality "1"]

1. e4 e5 2. Nf3 Nc6 3. Bb5 a6 4. Ba4 Nf6 5. Qe2 b5 6. Bb3 Be7 7. c3 O-O 8. O-O d6 9. h3 h6 10. d4 Re8 11. a4 Bd7 12. d5 Na5 13. Bc2 c6 14. dxc6 Bxc6 15. Rd1 Qc7 16. Nbd2 Bf8 17. b4 Nb7 18. c4 bxc4 19. Qxc4 Rec8 20. Bb2 Bd7 21. Qxc7 Rxc7 22. Bd3 a5 23. b5 Nc5 24. Bb1 Be6 25. Ra3 Rac8 26. Ne1 Nfd7 27. Nd3 f6 28. Nxc5 Nxc5 29. Bc3 Nb7 30. Bb2 d5 31. exd5 Bxa3 32. Bxa3 Bxd5 33. Bf5 Rd8 34. Ne4 Kf7 35. Nd6+ Nxd6 36. Rxd5 Nb7 37. Be4 Ke6 38. b6 Rcd7 39. Rb5 Rd1+ 40. Kh2 Rb8 41. g4 Rd4 42. Bxb7 Rxb7 43. Rxa5 Rd3 44. Bc5 Rd2 45. Ra7 Rbd7 46. b7 Rb2 47. Ra6+ Kf7 48. a5 Rdxb7 49. Ra8 R7b5 50. Be3 Ra2 51. a6 Rba5 52. a7 g6 53. Kg2 f5 54. gxf5 gxf5 55. Rh8 Kg7 56. Rd8 f4 57. Bb6 Ra6 58. Rd6 h5 59. Kf3 Kf7 60. Rh6 R2a3+ 61. Ke4 Rxh3 62. Kxe5 Ra2 63. Rd6 Rha3 1/2-1/2

[Event "Montreal Saturday op 10"]
[Site "Montreal CAN"]
[Date "2009.10.14"]
[Round "2"]
[White "Neumark-Gaudet, Zev"]
[Black "Keane-McCarney, Eamon"]
[Result "0-1"]
[WhiteElo "1578"]
[BlackElo "1552"]
[PlyCount "50"]
[GameId "2160767910096561"]
[EventDate "2009.10.07"]
[EventType "tourn"]
[EventRounds "5"]
[EventCountry "CAN"]
[SourceTitle "EXT 2011"]
[Source "ChessBase"]
[SourceDate "2011.11.26"]
[SourceVersion "1"]
[SourceVersionDate "2011.11.26"]
[SourceQuality "1"]

1. e4 c5 2. Nc3 d6 3. f4 Nf6 4. Nf3 a6 5. d4 cxd4 6. Nxd4 e6 7. Bd3 Nbd7 8. O-O b5 9. Kh1 b4 10. Nce2 Bb7 11. Ng3 Be7 12. Qe1 Nc5 13. f5 O-O 14. fxe6 fxe6 15. Nxe6 Nxe6 16. Bc4 d5 17. exd5 Bxd5 18. Bxd5 Qxd5 19. Rf5 Qd6 20. Re5 Nd4 21. Rxe7 Nxc2 22. Nf5 Nxe1 23. Nxd6 Ne4 24. Be3 Rf1+ 25. Bg1 Nf2# 0-1

[Event "Montreal Saturday op 10"]
[Site "Montreal CAN"]
[Date "2009.10.14"]
[Round "2"]
[White "Pilotte, Benoit"]
[Black "Cvetkovic, Simeon"]
[Result "0-1"]
[WhiteElo "1805"]
[BlackElo "1831"]
[PlyCount "94"]
[GameId "2160767910096562"]
[EventDate "2009.10.07"]
[EventType "tourn"]
[EventRounds "5"]
[EventCountry "CAN"]
[SourceTitle "EXT 2011"]
[Source "ChessBase"]
[SourceDate "2011.11.26"]
[SourceVersion "1"]
[SourceVersionDate "2011.11.26"]
[SourceQuality "1"]

1. g4 d5 2. Bg2 c6 3. c4 e6 4. cxd5 exd5 5. h3 Bd6 6. d4 Ne7 7. Nc3 O-O 8. Nf3 Na6 9. Bg5 Nc7 10. e4 dxe4 11. Nxe4 Bb4+ 12. Bd2 Bxd2+ 13. Qxd2 Ned5 14. O-O-O Ne6 15. g5 Nef4 16. Rh2 Bf5 17. Nh4 Bg6 18. Nxg6 fxg6 19. h4 Qc7 20. Ng3 Nxg2 21. Rxg2 Qf4 22. h5 Qxd2+ 23. Kxd2 Rad8 24. Kc2 Nf4 25. Rh2 Ne6 26. hxg6 hxg6 27. Ne2 Rf5 28. Kc3 Nxg5 29. f4 Ne6 30. Rh4 Rfd5 31. Rg4 c5 32. Rxg6 Nxd4 33. Nxd4 Rxd4 34. Rdg1 R4d7 35. R1g5 b6 36. f5 Kf8 37. Kc4 Rf7 38. a3 Rd4+ 39. Kb5 Rf4 40. Ka6 Ra4+ 41. Kb5 Rf4 42. Ka6 Rf2 43. b4 Ra2 44. bxc5 Rxa3+ 45. Kb5 Ra5+ 46. Kc6 Rxc5+ 47. Kd6 Rcxf5 0-1

[Event "Montreal Saturday op 10"]
[Site "Montreal CAN"]
[Date "2009.10.21"]
[Round "3"]
[White "Ber, Alexandre"]
[Black "Neumark-Gaudet, Zev"]
[Result "1-0"]
[WhiteElo "1595"]
[BlackElo "1578"]
[PlyCount "51"]
[GameId "2160767910096563"]
[EventDate "2009.10.07"]
[EventType "tourn"]
[EventRounds "5"]
[EventCountry "CAN"]
[SourceTitle "EXT 2011"]
[Source "ChessBase"]
[SourceDate "2011.11.26"]
[SourceVersion "1"]
[SourceVersionDate "2011.11.26"]
[SourceQuality "1"]

1. d4 d5 2. c4 e6 3. Nc3 c5 4. cxd5 exd5 5. Nf3 Nc6 6. Bf4 Nf6 7. h3 cxd4 8. Nxd4 Bb4 9. Ndb5 O-O 10. a3 Ba5 11. b4 Nxb4 12. axb4 Bxb4 13. Qb3 a5 14. e3 Be6 15. Qb2 Ne4 16. Be5 Rc8 17. Rc1 Qg5 18. Bd4 f5 19. g3 h5 20. h4 Qh6 21. Bh3 f4 22. Bxe6+ Qxe6 23. O-O fxe3 24. Nxe4 exf2+ 25. Nxf2 Rxc1 26. Rxc1 1-0

[Event "Montreal Saturday op 10"]
[Site "Montreal CAN"]
[Date "2009.10.21"]
[Round "3"]
[White "Brichko, Michael"]
[Black "Gates, Claude-Eric"]
[Result "1/2-1/2"]
[WhiteElo "1748"]
[BlackElo "1686"]
[PlyCount "78"]
[GameId "2160767910096564"]
[EventDate "2009.10.07"]
[EventType "tourn"]
[EventRounds "5"]
[EventCountry "CAN"]
[SourceTitle "EXT 2011"]
[Source "ChessBase"]
[SourceDate "2011.11.26"]
[SourceVersion "1"]
[SourceVersionDate "2011.11.26"]
[SourceQuality "1"]

1. d4 e6 2. c4 Nf6 3. Nc3 Bb4 4. f3 b6 5. e4 Nc6 6. a3 Bxc3+ 7. bxc3 Nxe4 8. fxe4 Qh4+ 9. Kd2 Qxe4 10. Qf3 Qg6 11. Bd3 Qg5+ 12. Kc2 Qa5 13. Bf4 Qa4+ 14. Kc1 Bb7 15. Qd1 Qxd1+ 16. Kxd1 Nxd4 17. cxd4 Bxg2 18. Bxc7 Bxh1 19. c5 bxc5 20. dxc5 f5 21. Ke2 Bc6 22. Nf3 O-O 23. Bd6 Rf6 24. Ne5 Bd5 25. Be7 Rh6 26. h4 Rb8 27. Rb1 Rxb1 28. Bxb1 Rh5 29. Bc2 f4 30. Bg5 h6 31. Bg6 hxg5 32. Bxh5 gxh4 33. Bg4 Kf8 34. Nxd7+ Ke7 35. Ne5 Kf6 36. Nf3 g5 37. Nd4 Ke7 38. Bf3 Bc4+ 39. Kf2 Bd5 1/2-1/2

[Event "Montreal Saturday op 10"]
[Site "Montreal CAN"]
[Date "2009.10.21"]
[Round "3"]
[White "Dumont, Felix"]
[Black "Levkovsky, Alexandre"]
[Result "0-1"]
[WhiteElo "1844"]
[BlackElo "2211"]
[PlyCount "64"]
[GameId "2160767910096567"]
[EventDate "2009.10.07"]
[EventType "tourn"]
[EventRounds "5"]
[EventCountry "CAN"]
[SourceTitle "EXT 2011"]
[Source "ChessBase"]
[SourceDate "2011.11.26"]
[SourceVersion "1"]
[SourceVersionDate "2011.11.26"]
[SourceQuality "1"]

1. e4 e5 2. Nf3 Nc6 3. Bb5 a6 4. Ba4 Nf6 5. O-O Be7 6. Re1 b5 7. Bb3 d6 8. h3 Na5 9. c3 Nxb3 10. axb3 Bb7 11. d3 O-O 12. c4 b4 13. Nbd2 Nd7 14. Nf1 f5 15. exf5 Rxf5 16. Ne3 Bxf3 17. gxf3 Rh5 18. Kh2 Bg5 19. Ng2 Bxc1 20. Qxc1 Nc5 21. Qd1 Qd7 22. h4 Qf5 23. Re3 Ne6 24. Kg1 Nf4 25. Nxf4 exf4 26. Re4 Rxh4 27. Qf1 Rh6 28. Rxa6 Rxa6 29. Re8+ Kf7 30. c5 Qg5+ 31. Qg2 Ra1+ 32. Re1 Rxe1# 0-1

[Event "Montreal Saturday op 10"]
[Site "Montreal CAN"]
[Date "2009.10.21"]
[Round "3"]
[White "Germain, Max"]
[Black "Guindon, Alex"]
[Result "0-1"]
[WhiteElo "1534"]
[BlackElo "1481"]
[PlyCount "54"]
[GameId "2160767910096568"]
[EventDate "2009.10.07"]
[EventType "tourn"]
[EventRounds "5"]
[EventCountry "CAN"]
[SourceTitle "EXT 2011"]
[Source "ChessBase"]
[SourceDate "2011.11.26"]
[SourceVersion "1"]
[SourceVersionDate "2011.11.26"]
[SourceQuality "1"]

1. d4 Nf6 2. c4 g6 3. f3 Bg7 4. e4 d6 5. Ne2 O-O 6. Nbc3 c5 7. Be3 b6 8. Qd2 Nc6 9. a3 cxd4 10. Nxd4 Nxd4 11. Bxd4 Bb7 12. h4 Nh5 13. Bf2 Be5 14. Ne2 f5 15. g4 fxg4 16. fxg4 Bxe4 17. Rh3 Nf6 18. Ng3 Bxg3 19. Rxg3 Bb7 20. Bd3 Ne4 21. Bxe4 Bxe4 22. h5 Qe8 23. Qe3 Qf7 24. hxg6 Bxg6 25. b3 Qf4 26. Qe6+ Rf7 27. Re3 Qxf2+ 0-1

[Event "Montreal Saturday op 10"]
[Site "Montreal CAN"]
[Date "2009.10.21"]
[Round "3"]
[White "Keane-McCarney, Eamon"]
[Black "Chesnut, Walter"]
[Result "1-0"]
[WhiteElo "1552"]
[BlackElo "1621"]
[PlyCount "73"]
[GameId "2160767910096569"]
[EventDate "2009.10.07"]
[EventType "tourn"]
[EventRounds "5"]
[EventCountry "CAN"]

1. e4 e5 2. Nf3 Nc6 3. Bb5 a6 4. Ba4 Nf6 5. O-O Be7 6. Re1 b5 7. Bb3 d6 8. d4 Bg4 9. c3 h6 10. Qd3 Bxf3 11. gxf3 O-O 12. f4 exf4 13. Bxf4 Nh5 14. Be3 Na5 15. Nd2 Nxb3 16. Nxb3 Bg5 17. a4 Bxe3 18. Rxe3 Qg5+ 19. Kh1 Nf4 20. Qf1 bxa4 21. Rxa4 Rab8 22. Ra5 c5 23. c4 Qe7 24. dxc5 dxc5 25. Rxa6 Rfd8 26. Na5 Qg5 27. Rg3 Qh5 28. Qg1 g6 29. Rg4 Ne2 30. Rgxg6+ fxg6 31. Rxg6+ Kf7 32. Rg7+ Kf6 33. e5+ Kf5 34. Qb1+ Kf4 35. Nc6 Rd1+ 36. Qxd1 Ng3+ 37. fxg3+ 1-0

[Event "Montreal Saturday op 10"]
[Site "Montreal CAN"]
[Date "2009.10.21"]
[Round "3"]
[White "Lalonde, Paul"]
[Black "Pilotte, Benoit"]
[Result "1-0"]
[WhiteElo "2029"]
[BlackElo "1805"]
[PlyCount "45"]
[GameId "2160767910096571"]
[EventDate "2009.10.07"]
[EventType "tourn"]
[EventRounds "5"]
[EventCountry "CAN"]
[SourceTitle "EXT 2011"]
[Source "ChessBase"]
[SourceDate "2011.11.26"]
[SourceVersion "1"]
[SourceVersionDate "2011.11.26"]
[SourceQuality "1"]

1. e4 g6 2. d4 Bg7 3. Nc3 d6 4. Be3 Nd7 5. Qd2 b6 6. Bd3 Bb7 7. O-O-O h6 8. f4 e6 9. Nf3 Ne7 10. Rhf1 a6 11. g4 b5 12. f5 Nf6 13. g5 b4 14. Ne2 hxg5 15. fxe6 fxe6 16. Nxg5 Qc8 17. Nf4 Bh6 18. Nfxe6 Nxe4 19. Nxe4 Bxe3 20. Ng7+ Kd8 21. Qxe3 Qd7 22. Rf7 Qa4 23. Nc5 1-0

[Event "Montreal Saturday op 10"]
[Site "Montreal CAN"]
[Date "2009.10.21"]
[Round "3"]
[White "Lamouche, Andre"]
[Black "Gauthier, Luc"]
[Result "0-1"]
[WhiteElo "1625"]
[BlackElo "1720"]
[PlyCount "89"]
[GameId "2160767910096572"]
[EventDate "2009.10.07"]
[EventType "tourn"]
[EventRounds "5"]
[EventCountry "CAN"]
[SourceTitle "EXT 2011"]
[Source "ChessBase"]
[SourceDate "2011.11.26"]
[SourceVersion "1"]
[SourceVersionDate "2011.11.26"]
[SourceQuality "1"]

1. e4 Nf6 2. e5 Nd5 3. Nf3 d6 4. c4 Nb6 5. d4 Bg4 6. Be2 Nc6 7. exd6 exd6 8. b3 Be7 9. Be3 Bf6 10. Nc3 O-O 11. Ne4 Nd7 12. Nxf6+ Nxf6 13. h3 Bh5 14. O-O h6 15. Rc1 Re8 16. a3 d5 17. Re1 Ne7 18. g4 Bg6 19. Ne5 Bh7 20. f3 Ng6 21. f4 Ne4 22. cxd5 Qh4 23. Bf3 Nxf4 24. Bxf4 Nf2 25. Kg2 Nxd1 26. Rexd1 Qf6 27. Bg3 Qb6 28. Rc3 Rad8 29. Nc4 Qf6 30. Bxc7 Be4 31. Bxd8 Bxf3+ 32. Rxf3 Re2+ 33. Kg3 Qxd8 34. d6 h5 35. Rf5 b5 36. Rxb5 hxg4 37. hxg4 Qd7 38. Rh1 Qxb5 39. Kf3 Re8 40. Rb1 Qd5+ 41. Kg3 Qxd4 42. Rf1 Re4 43. Rf5 Rxg4+ 44. Kf3 Qe4+ 45. Kf2 0-1

[Event "Montreal Saturday op 10"]
[Site "Montreal CAN"]
[Date "2009.10.21"]
[Round "3"]
[White "Phelippe, Yannic"]
[Black "Eddouri, Hmida"]
[Result "0-1"]
[WhiteElo "1488"]
[BlackElo "1454"]
[PlyCount "74"]
[GameId "2160767910096573"]
[EventDate "2009.10.07"]
[EventType "tourn"]
[EventRounds "5"]
[EventCountry "CAN"]
[SourceTitle "EXT 2011"]
[Source "ChessBase"]
[SourceDate "2011.11.26"]
[SourceVersion "1"]
[SourceVersionDate "2011.11.26"]
[SourceQuality "1"]

1. e4 c5 2. c3 Nc6 3. d4 cxd4 4. cxd4 Nf6 5. Nc3 d6 6. h3 g6 7. Nf3 Bg7 8. Be2 O-O 9. Be3 a6 10. a4 b6 11. O-O Bb7 12. d5 Nb4 13. Qd2 a5 14. Nd4 Na6 15. f3 Nc5 16. Bb5 h5 17. Qf2 Ba6 18. Nc6 Qc7 19. Bxa6 Rxa6 20. Qe2 Raa8 21. Nb5 Qb7 22. Qc2 Rfe8 23. Rfb1 Nfd7 24. Bg5 Ne5 25. Rd1 Nxc6 26. dxc6 Qxc6 27. Rab1 Qb7 28. Be3 Rec8 29. b4 axb4 30. Rxb4 Na6 31. Rc4 Rxc4 32. Qxc4 Nc5 33. Bxc5 bxc5 34. Rd3 Be5 35. Ra3 Bg3 36. Nc3 Qb2 37. Qb3 Qf2+ 0-1

[Event "Montreal Saturday op 10"]
[Site "Montreal CAN"]
[Date "2009.10.21"]
[Round "3"]
[White "Pozdnyakov, Alexander"]
[Black "Sonn, Eric"]
[Result "1-0"]
[WhiteElo "1620"]
[BlackElo "1550"]
[PlyCount "41"]
[GameId "2160767910096574"]
[EventDate "2009.10.07"]
[EventType "tourn"]
[EventRounds "5"]
[EventCountry "CAN"]
[SourceTitle "EXT 2011"]
[Source "ChessBase"]
[SourceDate "2011.11.26"]
[SourceVersion "1"]
[SourceVersionDate "2011.11.26"]
[SourceQuality "1"]

1. f4 e5 2. fxe5 d6 3. exd6 Bxd6 4. Nf3 g5 5. g3 h5 6. d4 f6 7. Qd3 Kf7 8. e4 Ne7 9. Be3 h4 10. Nbd2 hxg3 11. O-O-O Nbc6 12. Nc4 Bf4 13. Bxf4 gxf4 14. Bg2 Bg4 15. hxg3 fxg3 16. d5 Nb4 17. Qb3 Rxh1 18. Rxh1 c5 19. Nfe5+ fxe5 20. Nxe5+ Kg7 21. Nxg4 1-0

[Event "Montreal Saturday op 10"]
[Site "Montreal CAN"]
[Date "2009.10.28"]
[Round "4"]
[White "Gates, Claude-Eric"]
[Black "Gauthier, Luc"]
[Result "1-0"]
[WhiteElo "1686"]
[BlackElo "1720"]
[PlyCount "57"]
[GameId "2160767910096576"]
[EventDate "2009.10.07"]
[EventType "tourn"]
[EventRounds "5"]
[EventCountry "CAN"]
[SourceTitle "EXT 2011"]
[Source "ChessBase"]
[SourceDate "2011.11.26"]
[SourceVersion "1"]
[SourceVersionDate "2011.11.26"]
[SourceQuality "1"]

1. c4 f5 2. g3 Nf6 3. Bg2 e6 4. Nf3 Be7 5. O-O O-O 6. Nc3 d6 7. d3 Nc6 8. e4 fxe4 9. dxe4 e5 10. h3 Qe8 11. Be3 Qh5 12. Nh4 Qxd1 13. Raxd1 Be6 14. Nd5 Bd8 15. b3 Ne7 16. f4 Nc6 17. f5 Bf7 18. Nxf6+ Bxf6 19. Nf3 h6 20. g4 Rad8 21. h4 g5 22. hxg5 hxg5 23. Nxg5 Bxg5 24. Bxg5 Nd4 25. Rd3 Rd7 26. Kf2 a5 27. Rh1 a4 28. Rdh3 Bg6 29. Rh8+ 1-0

[Event "Montreal Saturday op 10"]
[Site "Montreal CAN"]
[Date "2009.10.28"]
[Round "4"]
[White "Germain, Max"]
[Black "Lescarbeau, Martin"]
[Result "0-1"]
[WhiteElo "1534"]
[BlackElo "1500"]
[PlyCount "46"]
[GameId "2160767910096577"]
[EventDate "2009.10.07"]
[EventType "tourn"]
[EventRounds "5"]
[EventCountry "CAN"]
[SourceTitle "EXT 2011"]
[Source "ChessBase"]
[SourceDate "2011.11.26"]
[SourceVersion "1"]
[SourceVersionDate "2011.11.26"]
[SourceQuality "1"]

1. d4 Nf6 2. Nf3 e6 3. Bg5 b6 4. e3 Bb7 5. Nbd2 c5 6. c3 d6 7. Bd3 Nbd7 8. O-O h6 9. Bh4 g5 10. Bg3 Nh5 11. Ne1 Nxg3 12. fxg3 Bg7 13. Qh5 O-O 14. Ne4 Qe7 15. h4 f5 16. Nxg5 hxg5 17. hxg5 Be4 18. Rf4 Bxd3 19. Nxd3 Qe8 20. g6 Nf6 21. Qg5 Ng4 22. e4 Bh6 23. Qh5 Nf6 0-1

[Event "Montreal Saturday op 10"]
[Site "Montreal CAN"]
[Date "2009.10.28"]
[Round "4"]
[White "Guindon, Alex"]
[Black "Eddouri, Hmida"]
[Result "1-0"]
[WhiteElo "1481"]
[BlackElo "1454"]
[PlyCount "67"]
[GameId "2160767910096578"]
[EventDate "2009.10.07"]
[EventType "tourn"]
[EventRounds "5"]
[EventCountry "CAN"]
[SourceTitle "EXT 2011"]
[Source "ChessBase"]
[SourceDate "2011.11.26"]
[SourceVersion "1"]
[SourceVersionDate "2011.11.26"]
[SourceQuality "1"]

1. d4 d5 2. Nf3 Nf6 3. Bf4 e6 4. e3 Bd6 5. Ne5 Nbd7 6. Bd3 Qe7 7. Nd2 c5 8. c3 c4 9. Bc2 Nb6 10. O-O Nfd7 11. e4 Nxe5 12. Bxe5 Bxe5 13. dxe5 O-O 14. exd5 exd5 15. Re1 Be6 16. Nf3 Nd7 17. Nd4 Qg5 18. Qc1 Qh4 19. Qe3 Rfe8 20. f4 f6 21. f5 Bf7 22. e6 Bh5 23. Ba4 Ne5 24. Bxe8 Rxe8 25. Qg3 Qxg3 26. hxg3 Bg4 27. Rf1 a6 28. Rf4 h5 29. Rf2 g6 30. fxg6 Re7 31. Rxf6 Kg7 32. Raf1 Nxg6 33. Rf7+ Rxf7 34. Rxf7+ 1-0

[Event "Montreal Saturday op 10"]
[Site "Montreal CAN"]
[Date "2009.10.28"]
[Round "4"]
[White "Khudaverdian, Berj"]
[Black "Lamouche, Andre"]
[Result "1-0"]
[WhiteElo "1761"]
[BlackElo "1625"]
[PlyCount "75"]
[GameId "2160767910096580"]
[EventDate "2009.10.07"]
[EventType "tourn"]
[EventRounds "5"]
[EventCountry "CAN"]
[SourceTitle "EXT 2011"]
[Source "ChessBase"]
[SourceDate "2011.11.26"]
[SourceVersion "1"]
[SourceVersionDate "2011.11.26"]
[SourceQuality "1"]

1. e4 c5 2. Nc3 d6 3. Nf3 Nc6 4. d4 cxd4 5. Nxd4 Nf6 6. Bg5 Qa5 7. Bxf6 gxf6 8. Nb3 Qd8 9. Qh5 a6 10. O-O-O e6 11. f4 Qc7 12. g4 b5 13. Bg2 Bb7 14. Rhe1 O-O-O 15. Qh3 Kb8 16. Ne2 Be7 17. Kb1 Rc8 18. Qd3 Nb4 19. Qc3 Qxc3 20. Nxc3 f5 21. gxf5 exf5 22. a3 Nc6 23. Bh3 b4 24. Nd5 Bh4 25. Re2 bxa3 26. bxa3 Na7 27. Bxf5 Rc4 28. Nb6 Rc3 29. Kb2 Rf3 30. Rxd6 Nb5 31. Nd7+ Kc7 32. Rh6 Be7 33. a4 Ba3+ 34. Ka2 Nc3+ 35. Kxa3 Nxe2 36. Ne5 Rxf4 37. Nxf7 Bc8 38. Rxh7 1-0

[Event "Montreal Saturday op 10"]
[Site "Montreal CAN"]
[Date "2009.10.28"]
[Round "4"]
[White "Lalonde, Paul"]
[Black "Dumont, Felix"]
[Result "0-1"]
[WhiteElo "2029"]
[BlackElo "1844"]
[PlyCount "84"]
[GameId "2160767910096581"]
[EventDate "2009.10.07"]
[EventType "tourn"]
[EventRounds "5"]
[EventCountry "CAN"]
[SourceTitle "EXT 2011"]
[Source "ChessBase"]
[SourceDate "2011.11.26"]
[SourceVersion "1"]
[SourceVersionDate "2011.11.26"]
[SourceQuality "1"]

1. e4 c5 2. Nf3 d6 3. Bc4 e6 4. Nc3 a6 5. a4 Nc6 6. O-O g6 7. d4 cxd4 8. Nxd4 Bg7 9. Be3 Nf6 10. Kh1 O-O 11. f4 Qb6 12. Ra3 Ng4 13. Qxg4 Bxd4 14. Bxd4 Nxd4 15. Bb3 Nxc2 16. Bxc2 Qxb2 17. Ra2 Qxc3 18. f5 Qc4 19. Rfa1 exf5 20. Qf3 fxe4 21. Bxe4 Be6 22. Rd2 d5 23. Bxd5 Bxd5 24. Rxd5 b5 25. axb5 axb5 26. Rb1 b4 27. h3 Ra3 28. Qd1 b3 29. Rd4 Qc2 30. Qe1 Ra2 31. Qe4 Rc8 32. Qxc2 bxc2 33. Rc1 Rb2 34. Re4 Rb1 35. Ree1 Rxc1 36. Rxc1 Kg7 37. Kg1 f5 38. Kf2 Kf6 39. Ke3 Ke5 40. Kd3 Kf4 41. Ke2 Kg3 42. Kf1 Rc7 0-1

[Event "Montreal Saturday op 10"]
[Site "Montreal CAN"]
[Date "2009.10.28"]
[Round "4"]
[White "Levkovsky, Alexandre"]
[Black "Cvetkovic, Simeon"]
[Result "1-0"]
[WhiteElo "2211"]
[BlackElo "1831"]
[PlyCount "69"]
[GameId "2160767910096582"]
[EventDate "2009.10.07"]
[EventType "tourn"]
[EventRounds "5"]
[EventCountry "CAN"]
[SourceTitle "EXT 2011"]
[Source "ChessBase"]
[SourceDate "2011.11.26"]
[SourceVersion "1"]
[SourceVersionDate "2011.11.26"]
[SourceQuality "1"]

1. e4 c5 2. Nf3 d6 3. d4 cxd4 4. Nxd4 Nf6 5. Nc3 g6 6. Be2 Bg7 7. Be3 O-O 8. O-O Nc6 9. Nb3 Be6 10. f4 Qc8 11. h3 Rd8 12. Bf3 Bc4 13. Rf2 Qc7 14. a4 Bxb3 15. cxb3 Qa5 16. Rd2 Rac8 17. Qe2 Rb8 18. Rc1 Rdc8 19. g4 Nb4 20. g5 Ne8 21. Bg4 Rc7 22. Qf1 h5 23. Be2 Kh7 24. Bc4 e6 25. Nb5 Rd7 26. Bxa7 Rbd8 27. Qf2 Rc8 28. Bb6 Qa8 29. Rcd1 Bf8 30. f5 d5 31. fxe6 fxe6 32. Qxf8 Nd6 33. Qf6 Rf7 34. Qxe6 Rcc7 35. Nxd6 1-0

[Event "Montreal Saturday op 10"]
[Site "Montreal CAN"]
[Date "2009.10.28"]
[Round "4"]
[White "Pozdnyakov, Alexander"]
[Black "Keane-McCarney, Eamon"]
[Result "1-0"]
[WhiteElo "1620"]
[BlackElo "1552"]
[PlyCount "83"]
[GameId "2160767910096584"]
[EventDate "2009.10.07"]
[EventType "tourn"]
[EventRounds "5"]
[EventCountry "CAN"]
[SourceTitle "EXT 2011"]
[Source "ChessBase"]
[SourceDate "2011.11.26"]
[SourceVersion "1"]
[SourceVersionDate "2011.11.26"]
[SourceQuality "1"]

1. f4 d5 2. Nf3 Nf6 3. e3 g6 4. Be2 Bg7 5. O-O O-O 6. d3 c5 7. c3 Nc6 8. Qc2 Bf5 9. Nh4 Qb6 10. Nxf5 gxf5 11. Nd2 Rfe8 12. d4 cxd4 13. exd4 e5 14. fxe5 Rxe5 15. Nf3 Ree8 16. Bd3 Ne4 17. Nh4 Nxd4 18. cxd4 Qxd4+ 19. Kh1 Nf2+ 20. Qxf2 Qxd3 21. Qxf5 Qe2 22. Bg5 Rf8 23. Bf6 Bxf6 24. Qxf6 Qe6 25. Qd4 Rfe8 26. Nf5 Qe5 27. Qg4+ Kf8 28. Nh6 Qg7 29. Rxf7+ Qxf7 30. Nxf7 Kxf7 31. Qd7+ Kg6 32. Rf1 Rf8 33. Qg4+ Kh6 34. Rxf8 Rxf8 35. h4 Rf1+ 36. Kh2 Rf5 37. Qxf5 Kg7 38. Qxd5 Kg6 39. Qxb7 Kh6 40. Qf7 a5 41. g4 a4 42. g5# 1-0

[Event "Montreal Saturday op 10"]
[Site "Montreal CAN"]
[Date "2009.10.28"]
[Round "4"]
[White "Sonn, Eric"]
[Black "Neumark-Gaudet, Zev"]
[Result "0-1"]
[WhiteElo "1550"]
[BlackElo "1578"]
[PlyCount "40"]
[GameId "2160767910096585"]
[EventDate "2009.10.07"]
[EventType "tourn"]
[EventRounds "5"]
[EventCountry "CAN"]
[SourceTitle "EXT 2011"]
[Source "ChessBase"]
[SourceDate "2011.11.26"]
[SourceVersion "1"]
[SourceVersionDate "2011.11.26"]
[SourceQuality "1"]

1. e4 d5 2. e5 c5 3. f4 Bf5 4. Nf3 e6 5. d4 Nc6 6. a3 Qb6 7. c3 Nh6 8. Be2 Bxb1 9. Rxb1 Nf5 10. b4 cxd4 11. b5 dxc3 12. Qd3 Ncd4 13. Qxc3 Nxe2 14. Kxe2 Bc5 15. Ng5 h6 16. Qh3 O-O 17. Nf3 Rac8 18. Rd1 Bxa3 19. Bxa3 Qe3+ 20. Kf1 Qxa3 0-1

[Event "Montreal Saturday op 10"]
[Site "Montreal CAN"]
[Date "2009.11.04"]
[Round "5"]
[White "Ber, Alexandre"]
[Black "Pozdnyakov, Alexander"]
[Result "1/2-1/2"]
[WhiteElo "1595"]
[BlackElo "1620"]
[PlyCount "60"]
[GameId "2160767910096586"]
[EventDate "2009.10.07"]
[EventType "tourn"]
[EventRounds "5"]
[EventCountry "CAN"]
[SourceTitle "EXT 2011"]
[Source "ChessBase"]
[SourceDate "2011.11.26"]
[SourceVersion "1"]
[SourceVersionDate "2011.11.26"]
[SourceQuality "1"]

1. d4 f5 2. c4 e6 3. Nc3 Nf6 4. Bg5 Be7 5. e3 O-O 6. Bd3 d6 7. Nge2 e5 8. dxe5 dxe5 9. Bxf6 Bxf6 10. Bc2 Be6 11. Bb3 Na6 12. Nd5 Nc5 13. Bc2 c6 14. Nxf6+ Rxf6 15. b3 Qe7 16. Qb1 Raf8 17. Qb2 Bf7 18. O-O-O Na6 19. Rd2 b5 20. cxb5 cxb5 21. Rhd1 Be8 22. Nc3 Rc6 23. Nd5 Qe6 24. Kb1 Bh5 25. f3 Rfc8 26. b4 Kf8 27. Bb3 Qe8 28. a3 Nc7 29. g4 Bg6 30. gxf5 Bxf5+ 1/2-1/2

[Event "Montreal Saturday op 10"]
[Site "Montreal CAN"]
[Date "2009.11.04"]
[Round "5"]
[White "Cvetkovic, Simeon"]
[Black "Lalonde, Paul"]
[Result "1-0"]
[WhiteElo "1831"]
[BlackElo "2029"]
[PlyCount "72"]
[GameId "2160767910096588"]
[EventDate "2009.10.07"]
[EventType "tourn"]
[EventRounds "5"]
[EventCountry "CAN"]
[SourceTitle "EXT 2011"]
[Source "ChessBase"]
[SourceDate "2011.11.26"]
[SourceVersion "1"]
[SourceVersionDate "2011.11.26"]
[SourceQuality "1"]

1. d4 Nf6 2. e3 g6 3. Nf3 Bg7 4. Be2 O-O 5. O-O d6 6. b3 c5 7. Bb2 cxd4 8. Nxd4 Nc6 9. Bf3 Ne5 10. Be2 Bd7 11. c4 Rc8 12. Nc3 a6 13. Rc1 Qa5 14. Qd2 b5 15. cxb5 axb5 16. Bxb5 Bxb5 17. Ndxb5 Rc5 18. Qe2 Rb8 19. Nd4 Rbc8 20. Na4 Rxc1 21. Rxc1 Rxc1+ 22. Bxc1 Ne4 23. Qf1 h5 24. f3 Nc3 25. Nxc3 Qxc3 26. Bb2 Qa5 27. a3 Bh6 28. Kf2 Qd5 29. Qe2 Qc5 30. Qb5 Qa7 31. Qe8+ Bf8 32. a4 Qb6 33. Bc3 d5 34. a5 Qd6 35. Nb5 Qd7 36. Qxd7 Nxd7 1-0